00680nam a22001937a 450000500170000001000130001702000260003003500130005603700090006908200130007810000220009124501570011326000420027027000360031230000230034849000440037150000520041570000190046720210527104014.0 aB-739936 a9788187358701c795.00 aB-739936 bGift a954.0072 aLardinois, Roland00ascholars and prophets:bsociology of India from France in the 19th - 20th centuries /cby Roland Lardinois ; translated from the French by Renuka George aNew DelhibSocial Science Pressc2013 a69, Jor BaghbNew Delhie110003 ax, 564p.c23cm(Hb) aFrench writings on India and South Asia aincludes bibliographical references and indexes aGeorge, Renuka